000 00767nam a2200253 i 4500
001 bg
100 1 _aDROZDEK, Adam
245 1 0 _aWprowadzenie do kompresji danych /
_cAdam Drozdek.
260 _aWarszawa :
_bWydawnictwa Naukowo-Techniczne,
_c1999.
300 _a237, [1] s. :
_brys., wykr. ;
_c24 cm.
504 _aBibliogr. s. Indeks.
650 9 _aTeoria informacji
650 9 _aKody
650 9 _aKompresja danych
655 _aPodręczniki akademickie
020 _a8320423031
040 _cBPK
041 0 _apl
080 _a004.6:519.72](075.8)
920 _a83-204-2303-1
942 _cKS
008 s pl f |000 0 pol
856 _uhttp://koha.tu.koszalin.pl/cgi-bin/koha/opac-detail.pl?biblionumber=34648
_yKatalog online BPK
999 _c34648
_d34648